Responses for Show #5478 - Wednesday, June 4, 2008

Contestants

[<< previous game]

Louis Burnoski, a civil engineer from Akron, Ohio

Nancy Kirwan, a marketing communications manager from Campbell, California

Chris Vestuto, a test prep teacher from Goleta, California (whose 2-day cash winnings total $24,400)

[next game >>]

Jeopardy! Round responses

BRITISH ART & ARTISTS
CELEBRITY LIVES
COMMON BONDS
RELIGIOUS NUMBERS
COLD HARD CASH
5 "G"s
(Alex: The correct response in each of the 5 clues will begin with the letter G.)
    $200 7
Winter

Chris
    $200 26
(Charlie) Chaplin

Chris
    $200 21
Bo

Louis
    $200 6
6

Nancy
    $200 16
Hawaii

Louis
    $200 1
a gallows

Chris
    $400 12
(Chris: Who is George IV?)

George III

ChrisLouis
    $400 27
Michael J. Fox

Nancy
    $400 22
box

Nancy
    $400 8
(Alex: [*], you're right, yes, "fruit"--"fruit" & "serpent" come up.)

0

Louis
    $400 17
Susan B. Anthony

Chris
    $400 2
Galileo

Chris
    $600 13
Hannibal

Louis
    $600 28
Katharine Hepburn

Chris
    $600 23
salami

Nancy
    $600 9
3 times

Louis
    $600 18
Columbus

Louis
    $600 3
(Chris: What is...great...est?)

grievous

Chris
Triple Stumper
    $800 14
(Nancy: Who is Captain...[gesticulating]...?)

Captain Bligh

ChrisNancy
    $800 29
Shirley MacLaine

Chris
    $800 24
things that are tied

Nancy
    $800 10
(Alex: [*], Ruth & Esther.)

2

Louis
    $800 19
Jackie Robinson

Chris
    $800 4
grenadine

Chris
    $1000 15
(David) Hockney

Louis
    $1000 30
Clark Gable

Nancy
    $1,000 25
keys

Nancy
    $1000 11
12

Louis
    $1000 20
the Confederate States of America

Nancy
    $1000 5
(Nancy: Who is Grant?)

Garfield

NancyLouis

Scores at the first commercial break (after clue 15):

Chris Nancy Louis
$1,400 -$1,600 $5,800

Scores at the end of the Jeopardy! Round:

Chris Nancy Louis
$4,200 $3,600 $6,800

Double Jeopardy! Round responses

SAMURAI WARRIOR
FILM FISTICUFFS
SCIENTISTS
COLLECTIBLES
POETS
ANIMATION THAT'S A PUZZLE
    $400 6
serves

Chris
    $400 12
Kill Bill

Louis
    $400 7
Marie Curie

Louis
    $400 17
Johnny Cash

Louis
    $400 1
(Rabbie) Burns

Chris
    $400 23
Shop 'Til You Drop

Louis
    $800 13
Shōgun

Chris
    $800 22
(Alex: And Bruce Willis is the one who keeps saying "Yippee-ki-yay!". [*].)

Die Hard

Triple Stumper
    $800 8
(Nancy: What is ether?)

laughing gas or nitrous oxide

Nancy
Triple Stumper
    $800 18
Peter Pan

Nancy
    $800 2
John Donne

Louis
    $800 27
a parting of the ways

Nancy
    $1200 14
hara-kiri (or seppuku)

Nancy
    $1200 28
(Alex: Zack Mayo was the name of the character played by Richard Gere, and the film was [*].)

An Officer and a Gentleman

Triple Stumper
    $1200 9
earthquakes

Louis
    $1200 19
Princess Di

Nancy
    $1200 3
(Edmund) Spenser

Louis
    $1200 24
long time, no see

Louis
    $1600 15
bushido

Chris
    $1600 29
Fight Club

Nancy
    $5,000 10
(Louis: What is, uh, photography?)
(Alex: No, what is [*]? [*]. A reference, of course, to the Polaroid cameras.)

polarization

Louis
    $1600 20
Forbes

Nancy
    $1600 4
(Chris: Who is Wordsworth?)

(Samuel Taylor) Coleridge

ChrisLouis
    $1600 25
fall asleep

Louis
    $2000 16
katana

Triple Stumper
    $1,000 30
(Nancy: Who is Rocky?)
(Alex: No, who is [*]? Raging Bull was the film.)

Jake LaMotta

Nancy
    $2000 11
pigs

Chris
    $2000 21
Waterford

Nancy
    $2000 5
(William) Blake

Chris
    $2000 26
(Louis: What is give from the rich to the poor? [*].)

take from the rich, give to the poor

Louis

Scores at the end of the Double Jeopardy! Round:

Chris Nancy Louis
$9,800 $11,000 $13,000

[wagering suggestions for these scores]

Final Jeopardy! Round responses

ENTERTAINERS
(Alex: [To Nancy] Gomer Pyle. Goll-ee, you got it!)
ChrisWho is J. Seinfeld
$4,800
NancyWho is Jim Nabors
$8,601
LouisWho is Jim Nabors?
$9,001
Jim Nabors

Final scores:

Chris Nancy Louis
$5,000 $19,601 $22,001
3rd place: $1,000 2nd place: $2,000 New champion: $22,001

Game dynamics:

Coryat scores:

Chris Nancy Louis
$9,800 $12,000 $18,000
16 R,
3 W
15 R
(including 1 DD),
4 W
(including 1 DD)
22 R,
1 W
(including 1 DD)

Combined Coryat: $39,800

[game clues] [game scores] [suggest correction]

Game tape date: 2008-02-27
The J! Archive is created by fans, for fans. Scraping, republication, monetization, and malicious use prohibited; this site may use cookies and collect identifying information. See terms. The Jeopardy! game show and all elements thereof, including but not limited to copyright and trademark thereto, are the property of Jeopardy Productions, Inc. and are protected under law. This website is not affiliated with, sponsored by, or operated by Jeopardy Productions, Inc. Join the discussion at JBoard.tv.